Reinforced concrete design of tall buildings / (Record no. 329696)

000 -LEADER
fixed length control field 01381cam a2200301 a 4500
001 - CONTROL NUMBER
control field 15795735
003 - CONTROL NUMBER IDENTIFIER
control field NUST
005 - DATE AND TIME OF LATEST TRANSACTION
control field 20170518114948.0
008 - FIXED-LENGTH DATA ELEMENTS--GENERAL INFORMATION
fixed length control field 090629s2010 fluaf b 001 0 eng
010 ## - LIBRARY OF CONGRESS CONTROL NUMBER
LC control number 2009024350
015 ## - NATIONAL BIBLIOGRAPHY NUMBER
National bibliography number GBA972787
Source bnb
016 7# - NATIONAL BIBLIOGRAPHIC AGENCY CONTROL NUMBER
Record control number 015332963
Source Uk
020 ## - INTERNATIONAL STANDARD BOOK NUMBER
International Standard Book Number 9781439804803 (alk. paper)
020 ## - INTERNATIONAL STANDARD BOOK NUMBER
International Standard Book Number 143980480X (alk. paper)
035 ## - SYSTEM CONTROL NUMBER
System control number (OCoLC)ocn277196130
040 ## - CATALOGING SOURCE
Original cataloging agency DLC
Transcribing agency DLC
Modifying agency BTCTA
-- YDXCP
-- C#P
-- BWX
-- CDX
-- UKM
-- DLC
050 00 - LIBRARY OF CONGRESS CALL NUMBER
Classification number TH1501
Item number .T37 2010
082 00 - DEWEY DECIMAL CLASSIFICATION NUMBER
Classification number 691.3 TAR
Edition number 22
100 1# - MAIN ENTRY--PERSONAL NAME
Personal name Taranath, Bungale S.
9 (RLIN) 1048
245 10 - TITLE STATEMENT
Title Reinforced concrete design of tall buildings /
Statement of responsibility, etc. Bungale S. Taranath.
260 ## - PUBLICATION, DISTRIBUTION, ETC.
Place of publication, distribution, etc. Boca Raton :
Name of publisher, distributor, etc. CRC Press :
-- ICC/International Code Council :
-- CRSI/Concrete Reinforcing Steel Institute,
Date of publication, distribution, etc. c2010.
300 ## - PHYSICAL DESCRIPTION
Extent lxv, 923 p., [32] p. of plates :
Other physical details ill. (some col.) ;
Dimensions 27 cm.
504 ## - BIBLIOGRAPHY, ETC. NOTE
Bibliography, etc. note Includes bibliographical references (p. 903-906) and index.
650 #0 - SUBJECT ADDED ENTRY--TOPICAL TERM
Topical term or geographic name entry element Reinforced concrete construction.
9 (RLIN) 653
650 #0 - SUBJECT ADDED ENTRY--TOPICAL TERM
Topical term or geographic name entry element Tall buildings
General subdivision Design and construction.
9 (RLIN) 1049
650 #0 - SUBJECT ADDED ENTRY--TOPICAL TERM
Topical term or geographic name entry element Tall buildings
General subdivision Design and construction
Form subdivision Case studies.
9 (RLIN) 1050
906 ## - LOCAL DATA ELEMENT F, LDF (RLIN)
a 7
b cbc
c orignew
d 1
e ecip
f 20
g y-gencatlg
942 ## - ADDED ENTRY ELEMENTS (KOHA)
Source of classification or shelving scheme
Koha item type Book
Holdings
Withdrawn status Lost status Source of classification or shelving scheme Damaged status Not for loan Permanent Location Current Location Date acquired Total Checkouts Full call number Barcode Date last seen Price effective from Koha item type
          School of Civil and Environmental Engineering (SCEE) School of Civil and Environmental Engineering (SCEE) 05/18/2017   691.3 TAR NIT-8592 05/18/2017 05/18/2017 Book
© 2023 Central Library, National University of Sciences and Technology. All Rights Reserved.